00928nam a2200229 a 4500001001000000003000500010005001700015008004100032010001100073011001100084040000900095100003300104245014300137260004100280500006000321502010900381650002000490650004500510650002200555650005100577856007000628000115205CHAP20220329144523.0181128s2018 mx a sm |||||||spa d a111666 a112638 cCHAP1 aSantiago García, Florinda.10aEtiología de la peca negra de la sábila (Aloe vera L.) en Texcoco, Estado de México /h[En línea]cpor Florinda Santiago García. aChapingo, Méx. :bEl autor,c2018. aPara ver el contenido del material haga clic en la liga aTesis (Ing. Agr. Esp. en Parasitología Agrícola) -- UACH. Departamento de Parasitología Agrícola14aAgavexCultivo.14aAlternariaxFisiología y morfología.14aHongos en suelos.14aPlantas ornamentalesxEnfermedades por hongos. aFinding aiduhttp://10.13.5.2/tesis/sist115205.pdfzTeclea aquí